000 00276nam a2200097Ia 4500
001 1228829
005 20250827093049.0
008 250824s9999 xx 000 0 und d
245 0 _aTOPLAR KİMİN İÇİN YUVARLANIYOR
_cDAV PILKEY
260 _bALTIN YAYINLARI
999 _c1228829
_d1228829